| 000 | 01079 a2200169 4500 | ||
|---|---|---|---|
| 003 | NUST | ||
| 005 | 20230131150506.0 | ||
| 040 | _cNust | ||
| 082 | _a941.08,MOR | ||
| 100 |
_aMorton A .L _9108290 |
||
| 245 |
_aA Peoples History Of England / _cA L Morton |
||
| 260 |
_aLondon _bLawrence Wishart ltd _c1945 |
||
| 300 | _a544 p.; | ||
| 505 | _aTribes and Legions (Page-13), The Growth of Feudalism (Page-29), Feudal England (Page-58), The Decline of Feudalism (Page-86), The End of the Middle Ages (Page-129), The New Monarchy and the Bourgeoisie (Page-148), Origin of the English Revolutions (Page-189), The English Revolution (Page-224), Commonwealth and Compromise (Page-252), Whig England (Page-280), The Industrial Revolution (Page-315), The Triumph of Industrial Capitalism (Page-353), Liberal Ascendancy (Page-384), The Organization of The Working Class (Page-411), Continued (Page-432), Colonial Expansion (Page-447), Origins of the First World War (Page-475), World War: World Crisis (Page-507). | ||
| 650 |
_a History Of England _9108275 |
||
| 942 |
_2ddc _cBK _k941.08,MOR |
||
| 999 |
_c187273 _d187273 |
||